| 000 | 01089cam a2200325 a 4500 | ||
|---|---|---|---|
| 001 | 6166 | ||
| 003 | FISKH | ||
| 005 | 20250321115643.0 | ||
| 008 | 950525s1996 nyua j 000 0 eng | ||
| 010 | _a 95000478 | ||
| 020 | _a1880000296 | ||
| 040 |
_aDLC _cDLC _dDLC _beng |
||
| 050 | _aPC4445 .E49 | ||
| 082 | _a468.1 | ||
| 100 | 1 |
_aElya, Susan Middleton, _d1955- |
|
| 245 | 1 | 0 |
_aSay hola to Spanish / _cby Susan Middleton Elya ; illustrated by Loretta Lopez. |
| 250 | _aFirst Scholastic printing, April 1998 | ||
| 260 |
_aNew York : _bScholastic, _c1996. |
||
| 300 |
_a32 pages : _bcolor illustrations ; _c26 cm |
||
| 505 | _aD | ||
| 520 | _aIntroduces Spanish by defining such common words as "hola" ("hello"), "perro" ("dog"), and "madre" ("mother"). | ||
| 521 | 8 |
_a160
_bLexile estimate |
|
| 521 | 8 |
_aD
_bRaz-Plus |
|
| 650 | 0 |
_aSpanish language _xVocabulary _xJuvenile literature. |
|
| 650 | 1 |
_aSpanish language _xVocabulary. |
|
| 700 | 1 |
_aLopez, Loretta, _d1963- |
|
| 906 |
_a7 _bcbu _corignew _d1 _eocip _f19 _gy-gencatlg |
||
| 942 |
_2ddc _cBK _n0 |
||
| 999 |
_c6166 _d6166 |
||